NTA UGC: (Record no. 200485)

MARC details
000 -LEADER
fixed length control field 00616nam a22001937a 4500
005 - DATE AND TIME OF LATEST TRANSACTION
control field 20240201112749.0
010 ## - LCCN (DPL NO)
LC control number ENG-138855
020 ## - INTERNATIONAL STANDARD BOOK NUMBER
Terms of availability 675.00
International Standard Book Number 9789354496844
035 ## - SYSTEM CONTROL NUMBER
System control number EN-122387
037 ## - SOURCE OF ACQUISITION
Source of stock number/acquisition DBAD/PUB
082 ## - DEWEY DECIMAL CLASSIFICATION NUMBER
Classification number 658.0076
100 ## - MAIN ENTRY--PERSONAL NAME
Personal name Mahajan, Mahak
245 ## - TITLE STATEMENT
Title NTA UGC:
Statement of responsibility, etc By Mahak Mahajan
Remainder of title NET SET JRF Management/
250 ## - EDITION STATEMENT
Edition statement 2nd ed.
260 ## - PUBLICATION, DISTRIBUTION, ETC. (IMPRINT)
Place of publication, distribution, etc Noida
Name of publisher, distributor, etc Pearson India Education Services Pvt Ltd
Date of publication, distribution, etc 2022
270 ## - ADDRESS
Address Ist Floor, Berger Tower, Plot No C-001A/2 Sector 16B,
City Noida
Postal code 201301
300 ## - PHYSICAL DESCRIPTION
Extent vpp.:
Dimensions 25cm(pbk)
Other physical details ill.
942 ## - ADDED ENTRY ELEMENTS (KOHA)
Source of classification or shelving scheme Dewey Decimal Classification
Item type English Books
Classification part 658.0076
Call number suffix MAH
Edition 2
Holdings
Withdrawn status Lost status Not for loan Collection code Home library Current library Date acquired Source of acquisition Cost, normal purchase price Full call number Barcode Copy number Cost, replacement price Koha item type
      Non-fiction Sarojini Nagar Sarojini Nagar 01/02/2024 DBAD/PUB 675.00 658.0076 MAH EN-122387 1 675.00 English Books

© Delhi Public Library
Hit Counter
free hit counter